000
00223nam a2200097Ia 4500
001
656935
005
20250826154606.0
008
250824s9999 xx 000 0 und d
245
0
_a
ENDİŞE AĞACI
_c
MARİANNE
260
_b
ALTIN
999
_c
656935
_d
656935